000 00222nam a22000857a 4500
008 170527b xxu||||| |||| 00| 0 eng d
100 _93163
_aAggarwal
245 _aEnglish Grammar and Composition
260 _aNew delhi
_bGBP
_c2010
999 _c6465
_d6465